|
|
|
|
| LEADER |
00000cam a2200000 7i4500 |
| 001 |
0000083903 |
| 005 |
20170531.0 |
| 008 |
110406r1987 my a 0 bm |
| 020 |
|
|
|a []
|
| 040 |
|
|
|a PERPUSTAM
|b eng
|c PERPUSTAM
|e rda
|
| 090 |
0 |
0 |
|a 320
|b LOT
|
| 100 |
1 |
|
|a Lotfi Ismail ,
|e author
|
| 245 |
1 |
0 |
|a BERKENALAN DENGAN BARISAN PEMIMPIN MELAKA
|c Lotfi Ismail
|
| 264 |
3 |
1 |
|a Kelantan :
|b Pustaka Wijaya
|c 1987
|
| 300 |
|
|
|a 216pages ;
|c 18cm.
|
| 336 |
|
|
|a text, rdacontent
|
| 337 |
|
|
|a unmediated
|2 rdamedia
|
| 338 |
|
|
|a volume
|2 rdacarrier
|
| 650 |
|
0 |
|a Politic
|
| 999 |
|
|
|a 0000104848
|b Buku
|c Koleksi Melaka
|e Perpustakaan Cawangan Merlimau
|
| 999 |
|
|
|a 0000104849
|b Buku
|c Koleksi Melaka
|e Perpustakaan Cawangan Merlimau
|
| 999 |
|
|
|a 0000104850
|b Buku
|c Koleksi Melaka
|e Perpustakaan Cawangan Merlimau
|
| 999 |
|
|
|a 0000104851
|b Buku
|c Koleksi Melaka
|e Perpustakaan Cawangan Merlimau
|
| 999 |
|
|
|a 0000104852
|b Buku
|c Koleksi Melaka
|e Perpustakaan Cawangan Merlimau
|
| 999 |
|
|
|a 0000104853
|b Buku
|c Koleksi Melaka
|e Perpustakaan Cawangan Merlimau
|
| 999 |
|
|
|a 0000104854
|b Buku
|c Koleksi Melaka
|e Perpustakaan Cawangan Merlimau
|
| 999 |
|
|
|a 0000104855
|b Buku
|c Koleksi Melaka
|e Perpustakaan Cawangan Merlimau
|
| 999 |
|
|
|a 0000104863
|b Buku
|c Koleksi Melaka
|e Perpustakaan Cawangan Merlimau
|
| 999 |
|
|
|a 0000104870
|b Buku
|c Koleksi Melaka
|e Perpustakaan Cawangan Merlimau
|
| 999 |
|
|
|a 0000104871
|b Buku
|c Koleksi Melaka
|e Perpustakaan Cawangan Merlimau
|
| 999 |
|
|
|a 0000104872
|b Buku
|c Koleksi Melaka
|e Perpustakaan Cawangan Merlimau
|
| 999 |
|
|
|a 0000104873
|b Buku
|c Koleksi Melaka
|e Perpustakaan Cawangan Merlimau
|
| 999 |
|
|
|a 0000104874
|b Buku
|c Koleksi Melaka
|e Perpustakaan Cawangan Merlimau
|
| 999 |
|
|
|a 0000104875
|b Buku
|c Koleksi Melaka
|e Perpustakaan Cawangan Merlimau
|
| 999 |
|
|
|a 0000104876
|b Buku
|c Koleksi Melaka
|e Perpustakaan Cawangan Merlimau
|
| 999 |
|
|
|a 0000104877
|b Buku
|c Koleksi Melaka
|e Perpustakaan Cawangan Merlimau
|
| 999 |
|
|
|a 0000104884
|b Buku
|c Koleksi Melaka
|e Perpustakaan Cawangan Merlimau
|
| 999 |
|
|
|a 0000104885
|b Buku
|c Koleksi Melaka
|e Perpustakaan Cawangan Merlimau
|
| 999 |
|
|
|a 0000104886
|b Buku
|c Koleksi Melaka
|e Perpustakaan Cawangan Merlimau
|
| 999 |
|
|
|a 0000104887
|b Buku
|c Koleksi Melaka
|e Perpustakaan Cawangan Merlimau
|
| 999 |
|
|
|a 0000104888
|b Buku
|c Koleksi Melaka
|e Perpustakaan Cawangan Merlimau
|
| 999 |
|
|
|a 0000104889
|b Buku
|c Koleksi Melaka
|e Perpustakaan Cawangan Merlimau
|
| 999 |
|
|
|a 0000104890
|b Buku
|c Koleksi Melaka
|e Perpustakaan Cawangan Merlimau
|
| 999 |
|
|
|a 0000104891
|b Buku
|c Koleksi Melaka
|e Perpustakaan Cawangan Merlimau
|
| 999 |
|
|
|a 0000104892
|b Buku
|c Koleksi Melaka
|e Perpustakaan Cawangan Merlimau
|
| 999 |
|
|
|a 0000104893
|b Buku
|c Koleksi Melaka
|e Perpustakaan Cawangan Merlimau
|
| 999 |
|
|
|a 0000104894
|b Buku
|c Koleksi Melaka
|e Perpustakaan Cawangan Merlimau
|
| 999 |
|
|
|a 0000104895
|b Buku
|c Koleksi Melaka
|e Perpustakaan Cawangan Merlimau
|
| 999 |
|
|
|a 0000104896
|b Buku
|c Koleksi Melaka
|e Perpustakaan Cawangan Merlimau
|
| 999 |
|
|
|a 0000144338
|b Buku
|c Koleksi Melaka
|e Perpustakaan Cawangan Masjid Tanah
|
| 999 |
|
|
|a 0000144364
|b Buku
|c Koleksi Melaka
|e Perpustakaan Cawangan Masjid Tanah
|
| 999 |
|
|
|a 0000144365
|b Buku
|c Koleksi Melaka
|e Perpustakaan Cawangan Masjid Tanah
|
| 999 |
|
|
|a 0000144366
|b Buku
|c Koleksi Melaka
|e Perpustakaan Cawangan Masjid Tanah
|
| 999 |
|
|
|a 0000263367
|b Buku
|c Koleksi Melaka
|e Perbadanan Perpustakaan Awam Melaka
|
| 999 |
|
|
|a 0000431040
|b Buku
|c Koleksi Melaka
|e Perbadanan Perpustakaan Awam Melaka
|
| 999 |
|
|
|a 0000494512
|b Buku
|c Koleksi Melaka
|e Perpustakaan Cawangan Jasin
|
| 999 |
|
|
|a 0000494513
|b Buku
|c Koleksi Melaka
|e Perpustakaan Cawangan Jasin
|
| 999 |
|
|
|a 0000494514
|b Buku
|c Koleksi Melaka
|e Perpustakaan Cawangan Jasin
|
| 999 |
|
|
|a 0000494534
|b Buku
|c Koleksi Melaka
|e Perpustakaan Cawangan Jasin
|
| 999 |
|
|
|a 0000494535
|b Buku
|c Koleksi Melaka
|e Perpustakaan Cawangan Jasin
|
| 999 |
|
|
|a 0000494536
|b Buku
|c Koleksi Melaka
|e Perpustakaan Cawangan Jasin
|
| 999 |
|
|
|a 0000494537
|b Buku
|c Koleksi Melaka
|e Perpustakaan Cawangan Jasin
|
| 999 |
|
|
|a 0000494538
|b Buku
|c Koleksi Melaka
|e Perpustakaan Cawangan Jasin
|
| 999 |
|
|
|a 0000494539
|b Buku
|c Koleksi Melaka
|e Perpustakaan Cawangan Jasin
|
| 999 |
|
|
|a 0000494559
|b Buku
|c Koleksi Melaka
|e Perpustakaan Cawangan Jasin
|
| 999 |
|
|
|a 0000494560
|b Buku
|c Koleksi Melaka
|e Perpustakaan Cawangan Jasin
|
| 999 |
|
|
|a 0000494597
|b Buku
|c Koleksi Melaka
|e Perpustakaan Cawangan Jasin
|
| 999 |
|
|
|a 0000494598
|b Buku
|c Koleksi Melaka
|e Perpustakaan Cawangan Jasin
|
| 999 |
|
|
|a 0000494599
|b Buku
|c Koleksi Melaka
|e Perpustakaan Cawangan Jasin
|
| 999 |
|
|
|a 0000494600
|b Buku
|c Koleksi Melaka
|e Perpustakaan Cawangan Jasin
|
| 999 |
|
|
|a 0000494601
|b Buku
|c Koleksi Melaka
|e Perpustakaan Cawangan Jasin
|
| 999 |
|
|
|a 0000494602
|b Buku
|c Koleksi Melaka
|e Perpustakaan Cawangan Jasin
|
| 999 |
|
|
|a 0000628760
|b Buku
|c Koleksi Melaka
|e Perbadanan Perpustakaan Awam Melaka
|